Koordinace fiskální a monetární politiky Slovenska prizmatem teorie her
Empirický odhad interakcie monetárnej a fiškálnej politiky na Slovensku v období od 1. štvrťroku 2000 do 2. čtvrťroku 2013 a identifikovanie signifikantnej premnnej majúcej vlyv na rozhodovanie hospodárskopolitických autorít v analyzovanej krajiny.
Salvato in:
| Autore principale: | |
|---|---|
| Altri autori: | , |
| Natura: | Capitolo di libro |
| Lingua: | ceco |
| Soggetti: | |
| Tags: |
Nessun Tag, puoi essere il primo ad aggiungerne!!
|
MARC
| LEADER | 00000naa a2200000 4500 | ||
|---|---|---|---|
| 001 | 0199082 | ||
| 005 | 20231208074133.7 | ||
| 041 | 0 | |a cze | |
| 044 | |a SK | ||
| 245 | 1 | 0 | |a Koordinace fiskální a monetární politiky Slovenska prizmatem teorie her |c Jan Janků, Stanislav Kappel, Zuzana Kučerová |
| 520 | |a Empirický odhad interakcie monetárnej a fiškálnej politiky na Slovensku v období od 1. štvrťroku 2000 do 2. čtvrťroku 2013 a identifikovanie signifikantnej premnnej majúcej vlyv na rozhodovanie hospodárskopolitických autorít v analyzovanej krajiny. | ||
| 610 | 2 | 0 | |a Slovensko |
| 610 | 2 | 0 | |a teória hier |
| 610 | 2 | 0 | |a politika menová |
| 610 | 2 | 0 | |a politika fiškálna |
| 610 | 2 | 0 | |a politika hospodárska |
| 100 | 1 | |a Janků, Jan | |
| 700 | 1 | |a Kappel, Stanislav | |
| 700 | 1 | |a Kučerová, Zuzana | |